Champions League Topscorer 1998/99 - Statistiken

Allgemein
  • Dieses Quiz wurde 11 mal gespielt
  • Das Durchschnittsergebnis liegt bei 5 aus 15
Antwortstatistiken
Rang Nation Verein Tore Antwort % Korrekt
1 Ukraine Dynamo Kiev 8 Andriy Shevchenko
80%
7 Wales Manchester United 4 Ryan Giggs
80%
7 England Manchester United 4 Paul Scholes
70%
1 Trinidad & Tobago Manchester United 8 Dwight Yorke
60%
7 Deutschland Bayern München 4 Mario Basler
60%
7 Deutschland Bayern München 4 Steffan Effenberg
60%
7 England Manchester United 4 Andy Cole
30%
4 Italien Juventus 6 Filippo Inzaghi
30%
5 Niederlande PSV Eindhoven 5 Ruud van Nistelrooy
30%
7 Deutschland FC Kaiserslautern 4 Jürgen Rische
10%
7 Ukraine Dynamo Kiev 4 Serhiy Rebrov
10%
5 Portugal Benfica 5 Nuno Gomes
0%
7 Zypern Olympiakos Piräus 4 Sinisa Gogic
0%
7 Brasilien Barcelona 4 Sonny Andersen
0%
3 Slowenien FC Porto 7 Zlatko Zahovic
0%
Keine übereinstimmenden Quizze gefunden
Verteilung der Resultate
Anzahl Personen mit jedem Resultat
Perzentil nach korrekt beantworteten Fragen
Ihre Resultats-Entwicklung
Sie haben dieses Quiz noch nicht gespielt